Statistics for Capitals of Countries That Start With C

Click here to take the quiz!

General Stats

  • This quiz has been taken 96 times
  • The average score is 12 of 15

Answer Stats

CountryCapital% Correct
CanadaOttawa
97%
ChinaBeijing
93%
ChileSantiago
90%
CroatiaZagreb
89%
Czech RepublicPrague
87%
ColombiaBogota
85%
CubaHavana
85%
CambodiaPhnom Penh
85%
Costa RicaSan Jose
82%
CyprusNicosia
79%
CameroonYaoundé
69%
Central African RepublicBangui
68%
ComorosMoroni
68%
Cape VerdePraia
63%
ChadN'Djamena
58%

Score Distribution

Percentile by Number Answered

Percent of People with Each Score

Your Score History

You have not taken this quiz